000 00228nam a22000857a 4500
008 250821b ||||| |||| 00| 0 eng d
100 _aShaver, James W
245 _aStamp Collecting
650 _aMerit Badge Series|Boy Scouts of America
999 _c3671
_d3671